000 01628naa a22003377a 4500
001 BR8500786
003 BR-BrBNA
005 20240918175515.0
007 ta
008 230509b bl.||||| |||| 00| 0 por d
040 _aBR-BrBNA
_bpor
_cBiblioteca Nacional de Agricultura
041 _a(Pt)
072 _aF00; H60
_b0180
_b3876
_b0334
_bG514
090 _aF00 BR8500786
100 1 _aRuedell, J.
100 1 _aSilva, M.T.B. da
111 1 _a13. Reuniao Nacional de Pesquisa de Trigo
_cCruz Alta, RS (Brazil)
_d16-20 Jul 1984
245 1 _aEfeito da competicao de diferentes populacoes de colza (Brassica napus L. cv. CTC-4)sobre o rendimento de 4 variedades de trigo [Triticum aestivum, producao vegetal, herbicida, Brasil]
246 1 _a[Effect of the competition of different rapeseed populations (Brassica napus L. cv. CTC-4)on the yield of 4 wheat varieties [Triticum aestivum, plant production, herbicide, Brazil]]
246 1 _a[Contribution of the Centro de Experimentacao e Pesquisa to the 13. National Meeting of Wheat Research]
260 3 _aCruz Alta, RS (Brasil):
_c1984.
500 _aContribuicao do Centro de Experimentacao e Pesquisa a 13. Reuniao Nacional de Pesquisa de Trigo Cruz Alta, RS (Brasil): 1984. p. 98-105 (BR8500786-AM)F00
650 _aPRODUCAO VEGETAL
650 _aTRIGO
650 _aERVA DANINHA
650 _aCOLZA
650 _aHERBICIDA
773 0 _tContribuicao do Centro de Experimentacao e Pesquisa a 13. Reuniao Nacional de Pesquisa de Trigo
_wF00 BR8500786
_gCruz Alta, RS (Brasil), 1984. p. 98-105
909 _a202404
_bLucia
_c55
_dLucia Elande
942 _cAM
_2AGRIS
999 _c317055
_d317055